000 00838nam a2200241Ia 4500
003 OSt
005 20220923213402.0
006 a|||||r|||| 00| 0
007 ta
008 220922b |||||||| |||| 00| 0 hin d
024 _a161,342
037 _cTextual
040 _aARTS
_cARTS
_bhin
041 _2hin
_ahin
082 _aO152,2M89,SV:g, K0
100 _aचतुर्वेदी, राजेश्वरप्रसाद
_9163035
245 0 _aजयशंकर प्रसाद और स्कन्दगुप्त
246 _aJayashankar prasād aur skandagupta
260 _c1960
650 _aहिन्दी साहित्य
_9156264
942 _hO152,2M89,SV:g, K0
_cTEXL
_2CC
999 _c316013
_d316013